| 000 | 00404pab a2200169 454500 | ||
|---|---|---|---|
| 008 | 180718b2004 xxu||||| |||| 00| 0 eng d | ||
| 100 | _aSatchidananda, S.S. | ||
| 245 | _aIT for better rural credit delivery | ||
| 260 | _c2004 | ||
| 300 | _ap.27-31. | ||
| 362 | _aAug | ||
| 650 | _aInformation technology | ||
| 650 | _aCredit | ||
| 700 | _aSrinivasa, Srinatha | ||
| 773 | _aYojana | ||
| 909 | _a61871 | ||
| 999 |
_c61871 _d61871 |
||